| 000 | 00412nam a2200133Ia 4500 | ||
|---|---|---|---|
| 008 | 220217s9999||||xx |||||||||||||| ||und|| | ||
| 020 | _a9780074602386 | ||
| 082 | _a620.102 | ||
| 100 |
_aMaitra, Gitin, M and Prasad, L.V _910445 |
||
| 245 | 0 | _aHandbook of mechanical design | |
| 260 |
_aMcGraw Hill Education (India) Private Limited _bNew Delhi _c2018 |
||
| 300 |
_aXVI, 721p. _b1500 |
||
| 650 | _aMECHANICHAL | ||
| 999 |
_c189084 _d189084 |
||